Giáo trình luật Hiến pháp Việt Nam

Zapisane w:
Opis bibliograficzny
Korporacja: Trường Đại học Luật Hà Nội
Format: Książka
Język:Undetermined
Wydane: Hà Nội Công an nhân dân 1997
Hasła przedmiotowe:
Etykiety: Dodaj etykietę
Nie ma etykietki, Dołącz pierwszą etykiete!
Thư viện lưu trữ: Trung tâm Học liệu Trường Đại học Cần Thơ
LEADER 00633nam a2200193Ia 4500
001 CTU_28314
008 210402s9999 xx 000 0 und d
082 |a 352.2 
082 |b Tr561 
110 |a Trường Đại học Luật Hà Nội 
245 0 |a Giáo trình luật Hiến pháp Việt Nam 
245 0 |c Trường Đại học Luật Hà Nội 
260 |a Hà Nội 
260 |b Công an nhân dân 
260 |c 1997 
650 |a Constitutions, state 
650 |z Vietnam 
904 |i Nguyễn Quang Điền, Giang sửa 
980 |a Trung tâm Học liệu Trường Đại học Cần Thơ